<?xml version="1.0" encoding="UTF-8"?>
<record
    xmlns:xsi="http://www.w3.org/2001/XMLSchema-instance"
    xsi:schemaLocation="http://www.loc.gov/MARC21/slim http://www.loc.gov/standards/marcxml/schema/MARC21slim.xsd"
    xmlns="http://www.loc.gov/MARC21/slim">

  <leader>01805nam a2200289 a 4500</leader>
  <controlfield tag="001">BRCA_8910</controlfield>
  <controlfield tag="005">20190320210445.0</controlfield>
  <controlfield tag="008">190617s1760----sp-#######---#000-0#spa-#</controlfield>
  <datafield tag="041" ind1=" " ind2=" ">
    <subfield code="a">spa</subfield>
  </datafield>
  <datafield tag="044" ind1=" " ind2=" ">
    <subfield code="a">sp</subfield>
  </datafield>
  <datafield tag="084" ind1=" " ind2=" ">
    <subfield code="a">CO72</subfield>
    <subfield code="b">.P53 1760</subfield>
  </datafield>
  <datafield tag="100" ind1="1" ind2=" ">
    <subfield code="a">Picornell, Juan</subfield>
    <subfield code="9">22157</subfield>
  </datafield>
  <datafield tag="245" ind1="1" ind2="0">
    <subfield code="a">Puerta sagrada, que, con la celeb&#xE9;rrima exposici&#xF3;n del P. Fr. Nicolas de Lira, ofrece libre entrada a las postillas evangelicas, y  &#xE0; la inteligencia de los Sagrados Evangelios con variedad de Assumptos</subfield>
    <subfield code="b">ideados en el Beato Martyr Raymundo Lulio, y en el padre Fran Juan Escoto, ambos Doctores, Seraficos, y Marianos: Obra util&#xED;sima para todos los predicadores: Tomo segundo: Contiene desde el domingo de Pentecost&#xE9;s hasta el duod&#xE9;cimo despu&#xE9;s del pentecost&#xE9;s</subfield>
    <subfield code="c">su autor el R. P. Fr. Juan Picornell...</subfield>
  </datafield>
  <datafield tag="260" ind1=" " ind2=" ">
    <subfield code="a">Mallorca</subfield>
    <subfield code="b">En las Oficina de Ignacio Frav Impressor del Rey nuestro se&#xF1;or</subfield>
    <subfield code="c">1760</subfield>
  </datafield>
  <datafield tag="300" ind1=" " ind2=" ">
    <subfield code="a">[2], 462 p. (t.2)</subfield>
    <subfield code="c">20.2 x 15 cm</subfield>
  </datafield>
  <datafield tag="500" ind1=" " ind2=" ">
    <subfield code="a">Con licencia de los superiores</subfield>
  </datafield>
  <datafield tag="500" ind1=" " ind2=" ">
    <subfield code="a">Estado f&#xED;sico: presenta encuadernaci&#xF3;n en pergamino con cintas</subfield>
  </datafield>
  <datafield tag="500" ind1=" " ind2=" ">
    <subfield code="a">Con marca de fuego: &#x201C;Procedencia de la marca: Colegio de la Santa Cruz de Quer&#xE9;taro(1). Instituci&#xF3;n: Congregaci&#xF3;n de Propaganda Fide. Descripci&#xF3;n: Cruz franqueada por las letras iniciales C[olegio] Q[uer&#xE9;taro], enmarcadas por un c&#xED;rculo. Ubicaci&#xF3;n de la marca en el libro: Canto superior&#x201D;</subfield>
  </datafield>
  <datafield tag="505" ind1="0" ind2=" ">
    <subfield code="a">Con un &#xED;ndice de cosas notables</subfield>
  </datafield>
  <datafield tag="650" ind1="1" ind2="4">
    <subfield code="a">Evangelios</subfield>
    <subfield code="y">Obras anteriores a 1800</subfield>
    <subfield code="9">22158</subfield>
  </datafield>
  <datafield tag="700" ind1="1" ind2=" ">
    <subfield code="a">Lira, Nicol&#xE1;s de</subfield>
    <subfield code="9">22159</subfield>
  </datafield>
  <datafield tag="700" ind1="1" ind2=" ">
    <subfield code="a">Martyr Raymundo Lulio</subfield>
    <subfield code="9">22160</subfield>
  </datafield>
  <datafield tag="700" ind1="1" ind2=" ">
    <subfield code="a">Juan Duns Escoto</subfield>
    <subfield code="c">Fray</subfield>
    <subfield code="9">22161</subfield>
  </datafield>
  <datafield tag="856" ind1=" " ind2=" ">
    <subfield code="a">http://www.marcasdefuego.buap.mx:8180/xmLibris/projects/firebrand/item.jsp?repository=marcas_de_fuego&amp;key=7f442198.xml&amp;num=29</subfield>
  </datafield>
  <datafield tag="902" ind1=" " ind2=" ">
    <subfield code="a">CFM</subfield>
  </datafield>
  <datafield tag="942" ind1=" " ind2=" ">
    <subfield code="2">lcc</subfield>
    <subfield code="c">B</subfield>
  </datafield>
  <datafield tag="999" ind1=" " ind2=" ">
    <subfield code="c">8561</subfield>
    <subfield code="d">8561</subfield>
  </datafield>
  <datafield tag="952" ind1=" " ind2=" ">
    <subfield code="0">0</subfield>
    <subfield code="1">0</subfield>
    <subfield code="4">0</subfield>
    <subfield code="7">0</subfield>
    <subfield code="a">BRCA</subfield>
    <subfield code="b">BRCA</subfield>
    <subfield code="d">2017-06-19</subfield>
    <subfield code="l">0</subfield>
    <subfield code="o">CO72 .P53 1760</subfield>
    <subfield code="p">CFM00233</subfield>
    <subfield code="r">2019-03-22 00:00:00</subfield>
    <subfield code="w">2019-03-22</subfield>
    <subfield code="y">B</subfield>
  </datafield>
</record>
